[Event "Wolfsburg op-B"]
[Site "Wolfsburg"]
[Date "2024.11.17"]
[Round "4"]
[White "Kruppa, Nils"]
[Black "Eitel, Luc"]
[Result "0-1"]
[WhiteElo "1645"]
[BlackElo "1742"]
[PlyCount "70"]
[EventDate "2024.11.15"]
[EventType "swiss"]
[EventRounds "5"]
[EventCountry "GER"]
[SourceTitle "CB49_2024"]
[SourceDate "2024.12.04"]
[SourceVersion "1"]
[SourceVersionDate "2024.12.04"]
[SourceQuality "1"]

1. d4 d5 2. Bf4 Nf6 3. e3 e6 4. Nf3 Bd6 5. Ne5 0-0 6. Nd2 c5 7. c3 Qc7 8. Bd3 Nbd7 9. Ndf3 b6 10. 0-0 Ne4 11. Qc2 Bb7 12. Nxd7 Qxd7 13. Bxd6 Qxd6 14. Nd2 f5 15. Nxe4 fxe4 16. Be2 e5 17. Qb3 exd4 18. exd4 cxd4 19. cxd4 Rf6 20. f3 Rh6 21. g3 Kh8 22. Qe3 Bc6 23. fxe4 dxe4 24. Rac1 Rd8 25. b3 Qd7 26. Qf2 Rf6 27. Qe3 Rd6 28. Rcd1 h6 29. Kf2 Rxd4 30. Qc3 Rxd1 31. Rxd1 Qf5+ 32. Ke3 Qg5+ 33. Kf2 e3+ 34. Ke1 Rf8 35. Qxc6 Qa5+ 0-1

[Event "GER-ch U25 op-B"]
[Site "Willingen"]
[Date "2024.05.21"]
[Round "4"]
[White "Oblender, Rudi"]
[Black "Eitel, Luc"]
[Result "0-1"]
[WhiteElo "1622"]
[BlackElo "1734"]
[PlyCount "110"]
[EventDate "2024.05.19"]
[EventType "swiss"]
[EventRounds "9"]
[EventCountry "GER"]
[SourceTitle "EXT 2025"]
[Source "ChessBase"]
[SourceDate "2024.10.14"]
[SourceVersion "1"]
[SourceVersionDate "2024.10.14"]
[SourceQuality "1"]

1. e4 c5 2. Nf3 d6 3. c3 Nf6 4. Bd3 Nc6 5. 0-0 Bg4 6. Re1 a6 7. Bf1 Qb6 8. d3 e6 9. Be2 Be7 10. a4 0-0 11. Nbd2 d5 12. Qc2 Bxf3 13. Bxf3 d4 14. Nc4 Qc7 15. g3 b5 16. axb5 axb5 17. Na3 Qb6 18. Bd2 Rfd8 19. c4 b4 20. Nb5 e5 21. b3 Na7 22. Nxa7 Rxa7 23. Rxa7 Qxa7 24. Bg2 Ra8 25. f3 Qa2 26. Qxa2 Rxa2 27. Bc1 Rc2 28. f4 Nd7 29. Bh3 Nf8 30. fxe5 Rc3 31. Bf1 Rxb3 32. Kf2 g5 33. Ke2 Rb1 34. Kd2 Ra1 35. Bb2 Rxe1 36. Kxe1 Ng6 37. Be2 Nxe5 38. g4 Bd6 39. h3 Kg7 40. Kf2 Kg6 41. Kg2 Nd7 42. Kf3 Bf4 43. Kf2 Nf6 44. Ke1 h5 45. Kf2 Bd2 46. Bd1 hxg4 47. hxg4 Nd7 48. Kg3 Nb8 49. Ba4 Kf6 50. Kf3 Ke5 51. Kg3 f6 52. Kf3 Kd6 53. Ke2 Bc3 54. Bc1 Nc6 55. Kd1 Ne5 0-1